| 000 | 00492nam a22001577a 4500 | ||
|---|---|---|---|
| 005 | 20251110195320.0 | ||
| 008 | 251110b |||||||| |||| 00| 0 eng d | ||
| 020 | _a9780132339827 | ||
| 050 |
_aTK454 _b.H45 |
||
| 100 | _aHerniter, Marc E. | ||
| 245 |
_aSchematic Capture with MicroSim PSpice _bincludes PC Board Layout Using PADS-PERFORM |
||
| 250 | _a2nd ed. | ||
| 260 |
_aEnglewood Cliffs, New Jersey _bPrentice Hall _c1996 |
||
| 300 |
_ax. 444p. _bill. _c27.5cm |
||
| 942 |
_2lcc _cBK _e2nd ed. _n0 |
||
| 999 |
_c8204 _d8204 |
||